Special Deep Foundation : (Record no. 15217)

MARC details
000 -LEADER
fixed length control field 01626cam a22003977a 4500
001 - CONTROL NUMBER
control field 15890365
005 - DATE AND TIME OF LATEST TRANSACTION
control field 20100305153949.0
008 - FIXED-LENGTH DATA ELEMENTS--GENERAL INFORMATION
fixed length control field 090902s2008 au a 000 0 eng
010 ## - LIBRARY OF CONGRESS CONTROL NUMBER
LC control number 2009497242
015 ## - NATIONAL BIBLIOGRAPHY NUMBER
National bibliography number GBA853497
Source bnb
016 7# - NATIONAL BIBLIOGRAPHIC AGENCY CONTROL NUMBER
Record control number 014570749
Source Uk
020 ## - INTERNATIONAL STANDARD BOOK NUMBER
International Standard Book Number 3433029059 (hbk. ; English ed.)
020 ## - INTERNATIONAL STANDARD BOOK NUMBER
International Standard Book Number 9783433029053 ( hbk. ; English ed.)
035 ## - SYSTEM CONTROL NUMBER
System control number (OCoLC)ocn222147958
040 ## - CATALOGING SOURCE
Original cataloging agency UKM
Transcribing agency UKM
Modifying agency YDXCP
-- IUL
-- DLC
041 1# - LANGUAGE CODE
Language code of text/sound track or separate title eng
Language code of original and/or intermediate translations of text ger
042 ## - AUTHENTICATION CODE
Authentication code ukblsr
-- lccopycat
050 00 - LIBRARY OF CONGRESS CALL NUMBER
Classification number TA775
Item number .H8313 2008
082 04 - DEWEY DECIMAL CLASSIFICATION NUMBER
Classification number 624.15
Edition number 22
Item number SPE
100 1# - MAIN ENTRY--PERSONAL NAME
Personal name Hudelmaier, Klaus F.
9 (RLIN) 23478
240 10 - UNIFORM TITLE
Uniform title <a href="Spezialtiefbau.">Spezialtiefbau.</a>
Language of a work English
245 10 - TITLE STATEMENT
Title Special Deep Foundation :
Remainder of title Compendium Methods and Equipment /
Statement of responsibility, etc [author: Klaus F. Hudelmaier ; co-author: Hartmut Kufner].
260 ## - PUBLICATION, DISTRIBUTION, ETC. (IMPRINT)
Place of publication, distribution, etc Nenzing :
Name of publisher, distributor, etc Liebherr-Werk-Nenzing, 2008
Date of publication, distribution, etc c2008.
300 ## - PHYSICAL DESCRIPTION
Extent 1 v. (various pagings) :
Other physical details ill. (some col.) ;
Dimensions 28 cm.
500 ## - GENERAL NOTE
General note "Published in cooperation with Ernst & Sohn Verlag fur Architectur und technische Wissenschaften"--Prelim.
500 ## - GENERAL NOTE
General note Also available in German under title: Spezialtiefbau.
650 #0 - SUBJECT ADDED ENTRY--TOPICAL TERM
Topical term or geographic name as entry element Foundations.
9 (RLIN) 23479
650 #0 - SUBJECT ADDED ENTRY--TOPICAL TERM
Topical term or geographic name as entry element Construction equipment.
9 (RLIN) 23480
653 ## - INDEX TERM--UNCONTROLLED
Resource For college
Arrived date list April2011
700 1# - ADDED ENTRY--PERSONAL NAME
Personal name Kufner, Hartmut.
9 (RLIN) 23481
710 2# - ADDED ENTRY--CORPORATE NAME
Corporate name or jurisdiction name as entry element Liebherr-Werk Nenzing.
9 (RLIN) 23482
710 2# - ADDED ENTRY--CORPORATE NAME
Corporate name or jurisdiction name as entry element Wilhelm Ernst & Sohn.
9 (RLIN) 23483
942 ## - ADDED ENTRY ELEMENTS (KOHA)
Source of classification or shelving scheme Dewey Decimal Classification
Item type Book - Borrowing
Holdings
Withdrawn status Item status Source of classification or shelving scheme Damaged status Not for loan Vendor Home library Current library Shelving location Date acquired Source of acquisition Cost, normal purchase price Serial Enumeration / chronology Total Checkouts Full call number Barcode Date last seen Date last borrowed Koha item type
    Dewey Decimal Classification     Arab Oasis Central Library Central Library First floor 28/04/2011   1170.00 72 1 624.15 SPE 000023446 15/07/2025 18/04/2015 Book - Borrowing